[Event "HUN-chT2"]
[Site "Hungary"]
[Date "1997.??.??"]
[Round "9"]
[White "Sziraki, Tamas"]
[Black "Balogh, Sandor"]
[Result "1-0"]
[WhiteElo "2315"]
[BlackElo "2250"]
[PlyCount "45"]
[EventDate "1997.??.??"]
[EventType "team-swiss"]
[EventRounds "13"]
[EventCountry "HUN"]
[SourceTitle "EXT 2006"]
[Source "ChessBase"]
[SourceDate "2005.11.24"]
[SourceVersion "1"]
[SourceVersionDate "2005.11.24"]
[SourceQuality "1"]

1. Nf3 d5 2. g3 c6 3. Bg2 Bf5 4. 0-0 h6 5. b3 Nf6 6. Bb2 e6 7. d3 Nbd7 8. Nbd2 Be7 9. e4 dxe4 10. dxe4 Bh7 11. Qe2 0-0 12. Rfd1 Qc7 13. e5 Nd5 14. Ne4 a5 15. c4 Nb4 16. a3 Na6 17. Rxd7 Qxd7 18. Nf6+ gxf6 19. Rd1 Qc7 20. exf6 Bd8 21. Qe3 Kh8 22. Qxh6 Rg8 23. Ng5 1-0